| 000 | 01372nam a2200373Ia 4500 | ||
|---|---|---|---|
| 001 | Z_7009 | ||
| 003 | CHAP | ||
| 005 | 20221124143604.0 | ||
| 008 | 220113s2017 xx 000 0 und d | ||
| 010 | _a170281 | ||
| 040 | _cCHAP | ||
| 090 | _aTesis F47 2591 | ||
| 100 |
_aFernández Rodríguez, Alberto _9133383 |
||
| 245 |
_aEfecto de la administración de calostro vía parenteral en la fertilidad de vacas holstein / _cAlberto Fernández Rodríguez y Juan Zambrano García |
||
| 260 |
_aMéxico : _bEl autor, _c2017 |
||
| 300 | _a65 p | ||
| 502 | _aTesis (Ingeniero Agrónomo Especiaista en Zootecnia) -- UACh, 2017 \ Dirección: Constantino Romero Márquez; asesoría: Agustín Ruiz Flores y Raymundo Rodríguez de Lara | ||
| 650 |
_aCalostro _917582 |
||
| 650 |
_aGanado bovino _9138033 |
||
| 650 |
_aGestación _947801 |
||
| 650 |
_aHormonas _956235 |
||
| 650 |
_aInmunología _958818 |
||
| 650 |
_aInseminación _9137287 |
||
| 650 |
_aVacas holstein _9146287 |
||
| 700 |
_a Romero Márquez, Constantino, director _9144356 |
||
| 700 |
_a Ruiz Flores, Agustín, asesor Rodríguez de Lara, Raymundo, asesor _9146552 |
||
| 700 |
_aZambrano García, Juan, coaut. _9146553 |
||
| 856 | 4 | 2 |
_uhttp://10.13.5.2/tesis/sist113750.pdf _yDescargar PDF |
| 901 | _aTESIS F47 2591 | ||
| 902 | _aA | ||
| 910 | _a2017 | ||
| 942 |
_c2 _2ddc |
||
| 942 |
_c2 _2ddc |
||
| 999 |
_c170281 _d170281 |
||